000 01112nam a2200289Ia 4500
003 GCL
008 140319s9999 xx 000 0 ara d
040 _aGCL /
_cGCL
082 0 4 _a210
_bم م
100 1 _aمحمود شلتوت
245 1 0 _aمن توجيهات الإسلام : تصحيح بعض المفاهيم الدينية - توضيح موقف الاسلام من بعض المشاكل الأخلاق الاسلامية - ضروب من العبادات /
_cمحمود شلتوت
300 _a581
490 _a100 قصة
_v0
650 0 4 _aالاسلام
650 0 4 _aالاخلاق الاسلامية
650 0 4 _aالاسلام والعلم
650 0 4 _aالاسلام والعلاقات الخارجية
650 0 4 _aالاسلام والاصلاح الاجتماعى
650 0 4 _aالعبادات
650 0 4 _aالرياضة البدنية
650 0 4 _aالاعياد الدينية الاسلامية
650 0 4 _aليلة القدر
650 0 4 _aاليتامى
650 0 4 _aالصفا والمروه
650 0 4 _aالمرأة فى الاسلام
942 _2ddc
_cBK
999 _c44281
_d44281